| 000 | 01838cam a2200397 i 4500 | ||
|---|---|---|---|
| 001 | 18349948 | ||
| 003 | OSt | ||
| 005 | 20231206111835.0 | ||
| 008 | 141027s2015 enkab b 001 0 eng | ||
| 010 | _a 2014029216 | ||
| 020 | _a9780415727280 (hardback : alkaline paper) | ||
| 020 | _a9780415727297 (paperback : alkaline paper) | ||
| 020 | _z9781315745725 (e-book) | ||
| 040 |
_aDLC _beng _cDLC _erda _dDLC |
||
| 042 | _apcc | ||
| 043 | _ae-gr--- | ||
| 050 | 0 | 0 |
_aDF77 _b.S56 2015 |
| 082 | 0 | 0 |
_a938 _bSOW/G |
| 100 | 1 |
_aSowerby, Robin _910064 |
|
| 245 | 1 | 4 |
_aThe Greeks : _ban introduction to their culture / _cRobin Sowerby. |
| 250 | _aThird edition. | ||
| 264 | 1 |
_aLondon ; _aNew York : _bRoutledge, Taylor & Francis Group, _c[2015] |
|
| 300 |
_axii, 293 pages : _billustrations, maps ; _c24 cm. |
||
| 336 |
_atext _2rdacontent |
||
| 337 |
_aunmediated _2rdamedia |
||
| 338 |
_avolume _2rdacarrier |
||
| 490 | 0 | _aPeoples of the ancient world | |
| 500 | _a"First published 1995. Second edition published 2009." | ||
| 504 | _aIncludes bibliographical references and index. | ||
| 505 | 0 | _aPreface -- Early Greece : Homer and Hesiod -- History -- Religion and social life -- Literature -- Philosophy -- Art. | |
| 520 |
_a"In this new and expanded third edition the best-selling volume offers a lucid survey that covers all the key elements of ancient Greek civilization from the age of Homer to the Hellenistic period"-- _cProvided by publisher. |
||
| 651 | 0 |
_aGreece _xCivilization _yTo 146 B.C. |
|
| 906 |
_a7 _bcbc _corignew _d1 _eecip _f20 _gy-gencatlg |
||
| 942 |
_2ddc _cBK _h938 _iSOW/G _k938 _mSOW/G |
||
| 999 |
_c43779 _d43779 |
||